| 000 | 00499nam a22001817a 4500 | ||
|---|---|---|---|
| 003 | NUST-PNEC | ||
| 005 | 20170116181128.0 | ||
| 008 | 150204b xxu||||| |||| 00| 0 eng d | ||
| 020 | _a0070211523 | ||
| 040 | _cLIBRARY | ||
| 082 | _a621.3 FTP | ||
| 100 |
_97781 _aFitzgerald, A. E. |
||
| 245 |
_aBasic Electrical Engineering : circuits machines electronics control _cA. E. Fitzgerald |
||
| 250 | _a4th ed. | ||
| 260 | _cc.1957 | ||
| 650 |
_97783 _aElectrical engineering _xEE |
||
| 942 |
_2ddc _cBK |
||
| 999 |
_c69833 _d69833 |
||